| 000 | 00729 a2200181 4500 | ||
|---|---|---|---|
| 003 | Nust | ||
| 005 | 20221019122851.0 | ||
| 020 | _a8120401727 | ||
| 040 | _cNust | ||
| 082 | _a620.00420285,SEN | ||
| 100 |
_aSen,S,k _9100794 |
||
| 245 |
_aPrinciples of Electrical Machine Design : _bwith Computer Programmes / _cS.K Sen |
||
| 260 |
_aCalcutta _bOxford Pub Co _c1987 |
||
| 300 | _a307:P | ||
| 505 | _aBasic Considerations (Page-1), Heating and Cooling (Page-41), Main Dimensions (Page-72), Magnetic Circuit Calculations (Page-94), Electric Circuit Calculations (Page-152), Design of Transformer (Page-194), Design of Rotating Machines (Page-239). | ||
| 650 |
_aPrinciples of Electrical Machine Design _9100795 |
||
| 942 |
_2ddc _cBK |
||
| 999 |
_c182736 _d182736 |
||